Detalles MARC
| 000 -CABECERA |
| campo de control de longitud fija |
01272nam a2200325 a 4500 |
| 001 - NÚMERO DE CONTROL |
| campo de control |
000006069 |
| 005 - FECHA Y HORA DE LA ÚLTIMA TRANSACCIÓN |
| campo de control |
20260521113250.0 |
| 008 - DATOS DE LONGITUD FIJA--INFORMACIÓN GENERAL |
| campo de control de longitud fija |
090826t2003 dr r 000 0 spa d |
| 020 ## - NÚMERO INTERNACIONAL ESTÁNDAR DEL LIBRO |
| Número Internacional Estándar del Libro |
9993483540 |
| 040 ## - FUENTE DE LA CATALOGACIÓN |
| Centro catalogador/agencia de origen |
DO-SdBNP |
| Lengua de catalogación |
spa |
| Centro/agencia transcriptor |
BNPHU |
| 082 ## - NÚMERO DE LA CLASIFICACIÓN DECIMAL DEWEY |
| Número de clasificación |
364.6 |
| Número de documento/Ítem |
R175t |
| 100 1# - ENTRADA PRINCIPAL--NOMBRE DE PERSONA |
| Nombre de persona |
Ramos Jeréz, Leoncio, |
| Fechas asociadas al nombre |
1894-1971 |
| 9 (RLIN) |
17088 |
| 245 10 - MENCIÓN DE TÍTULO |
| Título |
Trabajos penitenciarios : |
| Resto del título |
reformas para el establecimiento de un nuevo sistema penitenciario dominicano / |
| Mención de responsabilidad, etc. |
Leoncio Ramos ; prólogo Emmanuel Ramos Messina. |
| 260 ## - PUBLICACIÓN, DISTRIBUCIÓN, ETC. |
| Lugar de publicación, distribución, etc. |
Santo Domingo : |
| Nombre del editor, distribuidor, etc. |
Búho, |
| Fecha de publicación, distribución, etc. |
2003. |
| 300 ## - DESCRIPCIÓN FÍSICA |
| Extensión |
99 p. ; |
| Dimensiones |
22 cm. |
| 490 1# - MENCIÓN DE SERIE |
| Mención de serie |
Pensamiento criminológico dominicano |
| Designación de volumen o secuencia |
3 |
| 490 1# - MENCIÓN DE SERIE |
| Mención de serie |
Cuadernos de la cárcel |
| 500 ## - NOTA GENERAL |
| Nota general |
Incluye datos biográficos del autor |
| 590 ## - NOTA LOCAL (RLIN) |
| Nota local |
Inventariado, 2018/BT |
| 650 #0 - PUNTO DE ACCESO ADICIONAL DE MATERIA--TÉRMINO DE MATERIA |
| Término de materia o nombre geográfico como elemento de entrada |
Trabajo en las prisiones |
| 9 (RLIN) |
17082 |
| 650 #0 - PUNTO DE ACCESO ADICIONAL DE MATERIA--TÉRMINO DE MATERIA |
| Término de materia o nombre geográfico como elemento de entrada |
Criminología |
| 9 (RLIN) |
17089 |
| 650 #4 - PUNTO DE ACCESO ADICIONAL DE MATERIA--TÉRMINO DE MATERIA |
| Término de materia o nombre geográfico como elemento de entrada |
Administración de justicia penal |
| 9 (RLIN) |
15988 |
| 650 #0 - PUNTO DE ACCESO ADICIONAL DE MATERIA--TÉRMINO DE MATERIA |
| Término de materia o nombre geográfico como elemento de entrada |
Derecho penitenciario |
| 9 (RLIN) |
17090 |
| 650 #0 - PUNTO DE ACCESO ADICIONAL DE MATERIA--TÉRMINO DE MATERIA |
| Término de materia o nombre geográfico como elemento de entrada |
Prisiones |
| 9 (RLIN) |
17091 |
| 650 #4 - PUNTO DE ACCESO ADICIONAL DE MATERIA--TÉRMINO DE MATERIA |
| Término de materia o nombre geográfico como elemento de entrada |
Delicuencia infantil |
| 9 (RLIN) |
17092 |
| 650 #4 - PUNTO DE ACCESO ADICIONAL DE MATERIA--TÉRMINO DE MATERIA |
| Término de materia o nombre geográfico como elemento de entrada |
Anteproyecto de ley |
| Subdivisión geográfica |
República Dominicana |
| 9 (RLIN) |
17093 |
| 700 1# - PUNTO DE ACCESO ADICIONAL--NOMBRE DE PERSONA |
| Nombre de persona |
Ramos Messina, Emmanuel, |
| Término indicativo de función/relación |
pról. |
| 9 (RLIN) |
704 |
| 830 #0 - PUNTO DE ACCESO ADICIONAL DE SERIE-TÍTULO UNIFORME |
| Título uniforme |
Pensamiento criminológico dominicano |
| Designación de volumen o secuencia |
3 |
| Nombre de parte o sección de la obra |
cuadernos de la cárcel |
| 9 (RLIN) |
17094 |
| 910 ## - DATOS DE OPCIÓN DEL USUARIO (OCLC) |
| Datos de opción del usuario |
Validado. Control de calidad. EMS |